| 000 | 00810nam a22002177a 4500 | ||
|---|---|---|---|
| 008 | 090312t xxu||||| |||| 00| 0aeng d | ||
| 010 | _aENG-93160 | ||
| 020 |
_c350.00 _a9788185604879 |
||
| 035 | _aEN-76693 | ||
| 037 | _bDBAD / PUB | ||
| 040 |
_adpl _bEnglish |
||
| 082 | _a921 | ||
| 100 | _aKesharshivam, B. | ||
| 245 |
_aThe whole truth and nothing but the truth: _cby B. Kesharshivam; translated from the Gujarati by Gita Chaudhuri _ba dalit's life / |
||
| 260 |
_aKolkata _bSamya _c2008 |
||
| 270 |
_a16 Southern Avenue, _bKolkata _e700026 |
||
| 300 |
_a307p. _c20cm (pbk) |
||
| 700 | _aChaudhuri, Gita | ||
| 942 |
_2ddc _cEN _mKES _h921 |
||
| 999 |
_c25041 _d25041 |
||